000 00612nmc a2200253 a 4500
003 AR-BaBNM
005 20251128204613.0
008 097019s1993 ||||||||||||||000 | spa||
020 _a950-24-0584-6
040 _cAR-BaBNM
100 1 _aSande, Patsy
245 1 0 _aCerámica
250 _a1ª ed.
260 _aBuenos Aires
_bAlbatros
_c1993
300 _a123 p.
_bil.
490 0 _aSupertemas para chicos. Tus maravillas
650 4 _aCERAMICA
650 4 _aCREATIVIDAD
650 4 _aTECNICAS DIDACTICAS
650 4 _aTALLERES
653 _aACTIVIDADES PRACTICAS
942 _cBK
998 _cCarmen
999 _c8090
_d8090